000 00362nam a22001337a 4500
020 _qPB.
040 _cFIZZA ISHAQ
082 _a940.48
_bHOW
100 _aBLUM,HOWARD.
_9133164
245 _aDARK INVASION 1915:GERMANY'S SEDRET WAR AGAINST AMERICA /
_cHOWARD BLUM.
260 _aNEW YORK ;
_bHERPER ,
_c2014.
300 _a453 P. ;
_c8.9X5.9IN
942 _2ddc
_cBK
999 _c616185
_d616185